000 00651nam a2200277Ia 4500
005 20260324133902.0
008 008 260324s9999 xx 000 0 eng d
020 _a9780203055465
037 _aEBOOK
040 _aCRL
040 _beng
040 _cCRL
041 _2eng
041 _aeng
084 _qCRL
100 _aSteven Johnson
_9903009
245 4 _aThe New York Schools of Music and the Visual Arts
260 _bTaylor and Francis
260 _c2002
365 _a
365 _b230
856 _uhttp://www.taylorfrancis.com/books/9780203055465
942 _cEBOOK
999 _c1794276
_d1794276